[Event "European Blitz 2015"]
[Site "Minsk BLR"]
[Date "2015.12.18"]
[Round "1.40"]
[White "Brin, Ilya"]
[Black "Dzhumagaliev, Yan"]
[Result "0-1"]
[BlackTitle "FM"]
[WhiteElo "1862"]
[BlackElo "2400"]
[WhiteFideId "34164615"]
[BlackFideId "24100110"]
[EventDate "2015.12.18"]
[EventType "swiss (blitz)"]

1. e4 c5 2. c3 d5 3. exd5 Qxd5 4. d4 Nc6 5. Nf3 Bf5 6. Bd3 Bxd3 7. Qxd3 cxd4 8.
cxd4 Nb4 9. Qe2 Qf5 10. O-O Nc2 11. Nh4 Qc8 12. Qb5+ Qc6 13. Qxc6+ bxc6 14. Bf4
Nxa1 15. Na3 e5 16. Bxe5 f6 17. Bg3 Bxa3 18. bxa3 Nc2 19. Nf5 g6 20. Nd6+ Kf8
21. d5 cxd5 22. Rc1 Nd4 23. Rc7 Ne2+ 24. Kf1 Nxg3+ 25. fxg3 Ne7 26. Rb7 a6 27.
Ke2 Rd8 28. Rb6 Nc8 29. Nxc8 Rxc8 30. Rxf6+ Ke7 31. Rxa6 Rc2+ 32. Kd3 Rxa2 33.
Kd4 Rd8 34. Ra7+ Rd7 35. Ra6 Rxg2 36. Ke5 Re2+ 37. Kd4 Rxh2 38. Ke5 Re2+ 39. Kd4
Re4+ 40. Kc5 Rc4+ 41. Kb5 Rb7+ 42. Ka5 Rc3 43. Ka4 d4 44. Ra8 d3 45. Rh8 Ke6 46.
Re8+ Kd6 47. Rd8+ Rd7 48. Rf8 d2 49. Kb4 Rc1 50. Rf6+ Ke7 0-1

[Event "European Blitz 2015"]
[Site "Minsk BLR"]
[Date "2015.12.18"]
[Round "1.41"]
[White "Romanov, Evgeny"]
[Black "Chibukhchyan, Erik"]
[Result "1-0"]
[WhiteTitle "GM"]
[WhiteElo "2590"]
[BlackElo "1971"]
[WhiteFideId "4148843"]
[BlackFideId "34135224"]
[EventDate "2015.12.18"]
[EventType "swiss (blitz)"]

1. d4 Nf6 2. Nf3 e6 3. c4 b6 4. g3 Ba6 5. Qb3 c5 6. d5 exd5 7. cxd5 c4 8. Qd1
Bb4+ 9. Bd2 Nxd5 10. Bg2 Nc6 11. Bxb4 Ndxb4 12. a3 Qf6 13. axb4 Bb5 14. Nc3 1-0

[Event "European Blitz 2015"]
[Site "Minsk BLR"]
[Date "2015.12.18"]
[Round "1.42"]
[White "Don, Aleksandr"]
[Black "Zubritskiy, Artyom"]
[Result "0-1"]
[BlackTitle "FM"]
[WhiteElo "1994"]
[BlackElo "2422"]
[WhiteFideId "44153406"]
[BlackFideId "4181247"]
[EventDate "2015.12.18"]
[EventType "swiss (blitz)"]

1. d4 d5 2. c4 Nc6 3. Nf3 Bg4 4. e3 e6 5. Nc3 Nf6 6. cxd5 exd5 7. Bd3 a6 8. O-O
Bd6 9. h3 Bh5 10. b3 O-O 11. Bb2 Re8 12. Rc1 Qd7 13. Be2 Bg6 14. Nd2 Rad8 15.
Bf3 Nb4 16. Be2 Nd3 17. Bxd3 Bxd3 18. Re1 c6 19. Nf3 Be4 20. Nxe4 Nxe4 21. Nd2
f5 22. Nxe4 fxe4 23. f4 exf3 24. Qxf3 Re4 25. Rf1 Rde8 26. Rce1 Qe7 27. Bc1 Bb8
28. Bd2 Qc7 29. Rf2 h6 30. Qh5 Qd7 31. Qg6 R4e6 32. e4 Rxg6 0-1

[Event "European Blitz 2015"]
[Site "Minsk BLR"]
[Date "2015.12.18"]
[Round "1.44"]
[White "Zenchanka, Pavel"]
[Black "Rozum, Ivan"]
[Result "0-1"]
[BlackTitle "GM"]
[WhiteElo "1939"]
[BlackElo "2559"]
[WhiteFideId "13511696"]
[BlackFideId "24104272"]
[EventDate "2015.12.18"]
[EventType "swiss (blitz)"]

1. d4 Nf6 2. g3 d5 3. Bg2 c6 4. Nf3 Bf5 5. O-O h6 6. c4 e6 7. Nc3 Nbd7 8. Nd2
Be7 9. e4 dxe4 10. Ndxe4 O-O 11. Be3 Nxe4 12. Nxe4 Nf6 13. Nc3 Qa5 14. Qb3 Qb4
15. Qxb4 Bxb4 16. Rfd1 Rfd8 17. a3 Bxc3 18. bxc3 Be4 19. f3 Bg6 20. Rd2 Nd7 21.
c5 b6 22. f4 Rac8 23. cxb6 Nxb6 24. Bf1 Nd5 25. Bf2 Nxc3 26. Rc1 Ne4 27. Rb2
Nxf2 28. Kxf2 Rxd4 29. Rb7 Ra4 30. Rc3 c5 31. Rb5 c4 32. Rb4 Rxb4 33. axb4 Be4
34. Rxc4 Rxc4 35. Bxc4 Kf8 36. Ke3 Bb7 37. Kd4 Ke7 38. Kc5 f6 39. Kd4 Kd6 40.
Bd3 Bd5 41. Bg6 Kc6 42. Bd3 Kd6 43. g4 g5 44. fxg5 hxg5 45. Bc2 Bf3 46. h3 Bg2
47. Bd1 Bxh3 48. Bf3 f5 49. gxf5 exf5 50. Ke3 Ke5 51. Be2 f4+ 52. Kf2 Bf5 53.
Ba6 g4 54. Bb7 Be4 0-1

[Event "European Blitz 2015"]
[Site "Minsk BLR"]
[Date "2015.12.18"]
[Round "1.45"]
[White "Aleksandrov, Aleksej"]
[Black "Tavakalov, Stanislav"]
[Result "1-0"]
[WhiteTitle "GM"]
[WhiteElo "2615"]
[BlackElo "1892"]
[WhiteFideId "13500139"]
[BlackFideId "13509349"]
[EventDate "2015.12.18"]
[EventType "swiss (blitz)"]

1. d4 d5 2. c4 c6 3. Nc3 Nf6 4. e3 e6 5. Nf3 Nbd7 6. Bd3 Bd6 7. O-O O-O 8. e4
dxe4 9. Nxe4 Nxe4 10. Bxe4 Nf6 11. Bc2 c5 12. Bg5 Be7 13. Qd3 g6 14. Rad1 cxd4
15. Rfe1 Nd7 16. Bh6 Re8 17. Nxd4 Bf6 18. Nb5 Qb6 19. Qf3 Bg7 20. Bxg7 Kxg7 21.
b4 Nf6 22. Rd6 1-0

[Event "European Blitz 2015"]
[Site "Minsk BLR"]
[Date "2015.12.18"]
[Round "1.47"]
[White "Milov, Vadim"]
[Black "Stsepkina, Katsiaryna"]
[Result "1-0"]
[WhiteTitle "GM"]
[WhiteElo "2615"]
[BlackElo "1956"]
[WhiteFideId "1304364"]
[BlackFideId "13507575"]
[EventDate "2015.12.18"]
[EventType "swiss (blitz)"]

1. d4 d5 2. c4 e6 3. Nc3 Nf6 4. cxd5 exd5 5. Bg5 Be7 6. e3 O-O 7. Bd3 Nbd7 8.
Qc2 Re8 9. Nf3 Nf8 10. O-O c6 11. Rab1 Bd6 12. b4 a6 13. a4 Bg4 14. Nd2 Bh5 15.
Bh4 Bg6 16. Bg3 Bxg3 17. hxg3 Ne4 18. Ndxe4 dxe4 19. Nxe4 Bxe4 20. Bxe4 h6 21.
b5 axb5 22. axb5 Qe7 23. Bf3 cxb5 24. Rxb5 Rab8 25. Rfb1 Rec8 26. Qe4 Qa3 27.
R5b3 Qa6 28. Rxb7 Rxb7 29. Qxb7 1-0

[Event "European Blitz 2015"]
[Site "Minsk BLR"]
[Date "2015.12.18"]
[Round "1.49"]
[White "Kryakvin, Dmitry"]
[Black "Stsiapnou, Ihar"]
[Result "0-1"]
[WhiteTitle "GM"]
[WhiteElo "2529"]
[BlackElo "1881"]
[WhiteFideId "4153278"]
[BlackFideId "13514032"]
[EventDate "2015.12.18"]
[EventType "swiss (blitz)"]

1. Nf3 Nf6 2. d4 g6 3. c4 Bg7 4. Nc3 O-O 5. e4 d6 6. Bg5 h6 7. Be3 Ng4 8. Be2 e5
9. h3 Nxe3 10. fxe3 Nc6 11. d5 Ne7 12. O-O f5 13. Qc2 fxe4 14. Nxe4 Nf5 15. Qd2
Bd7 16. Nc3 Ng3 17. Rf2 e4 18. Nd4 Rxf2 19. Kxf2 Qh4 20. Kg1 Be5 21. Ne6 Nf5 22.
Bg4 Qg3 23. Bxf5 gxf5 24. Nf4 Kh7 25. Qf2 Qg5 26. Rf1 Re8 27. Ne6 Bxe6 28. dxe6
Rxe6 29. Qxf5+ Qxf5 30. Rxf5 Kg6 31. g4 c6 32. Nxe4 Bxb2 33. Rf4 d5 34. Nc5 Rxe3
35. cxd5 cxd5 36. Nxb7 Rxh3 37. Nd8 Re3 38. Nc6 Ra3 39. Ne7+ Kg5 40. Nxd5 Rxa2
41. Rb4 Be5 42. Ne3 Bf4 43. Nd5 Bd6 44. Ne3 Bxb4 0-1

[Event "European Blitz 2015"]
[Site "Minsk BLR"]
[Date "2015.12.18"]
[Round "2.6"]
[White "Chekhova-Kostina, Tatiana M"]
[Black "Melkumyan, Hrant"]
[Result "1-0"]
[WhiteTitle "WIM"]
[BlackTitle "GM"]
[WhiteElo "2246"]
[BlackElo "2654"]
[WhiteFideId "4106377"]
[BlackFideId "13302485"]
[EventDate "2015.12.18"]
[EventType "swiss (blitz)"]

1. e4 d6 2. d4 g6 3. c3 Bg7 4. Bg5 Nf6 5. Nd2 O-O 6. Bc4 e5 7. dxe5 dxe5 8. Ngf3
Nc6 9. O-O h6 10. Bh4 g5 11. Bg3 Nh5 12. b4 Nxg3 13. fxg3 a6 14. Rf2 Be6 15. Qb3
Qe7 16. h3 Bxc4 17. Nxc4 b5 18. Ne3 Qe6 19. Nf5 Rad8 20. Qc2 Ne7 21. Nxe7+ Qxe7
22. Nh2 c5 23. a3 Rc8 24. Ng4 cxb4 25. axb4 Rc6 26. Ne3 Rfc8 27. Nd5 Qe6 28. Qd3
Bf8 29. g4 Be7 30. Kh2 f6 31. Rfa2 Rd8 32. Rxa6 Rxa6 33. Rxa6 Rd6 34. Nxe7+ 1-0

[Event "European Blitz 2015"]
[Site "Minsk BLR"]
[Date "2015.12.18"]
[Round "2.8"]
[White "Gevorgyan, David Sh."]
[Black "Jobava, Baadur"]
[Result "1-0"]
[WhiteTitle "IM"]
[BlackTitle "GM"]
[WhiteElo "2356"]
[BlackElo "2673"]
[WhiteFideId "13303244"]
[BlackFideId "13601520"]
[EventDate "2015.12.18"]
[EventType "swiss (blitz)"]

1. d4 Nf6 2. Nc3 d5 3. Bf4 c6 4. e3 Bf5 5. f3 e6 6. g4 Bg6 7. h4 h5 8. g5 Nfd7
9. Bd3 Bxd3 10. Qxd3 g6 11. e4 Bg7 12. exd5 cxd5 13. Nb5 O-O 14. Bd6 Nc6 15.
Bxf8 Qxf8 16. c3 a6 17. Na3 Ne7 18. Ne2 Nf5 19. Nc2 Qd8 20. Ne3 Nd6 21. Kf2 Qc7
22. b3 Rc8 23. Rac1 Qa5 24. c4 dxc4 25. bxc4 Rd8 26. c5 Nb5 27. a4 Nc7 28. Qb3
Nd5 29. Nxd5 exd5 30. Qxb7 Qxa4 31. Rhd1 Nf8 32. c6 1-0

[Event "European Blitz 2015"]
[Site "Minsk BLR"]
[Date "2015.12.18"]
[Round "2.9"]
[White "Alekseev, Evgeny"]
[Black "Kislov, Oleg"]
[Result "0-1"]
[WhiteTitle "GM"]
[BlackTitle "FM"]
[WhiteElo "2642"]
[BlackElo "2241"]
[WhiteFideId "4138147"]
[BlackFideId "13503774"]
[EventDate "2015.12.18"]
[EventType "swiss (blitz)"]

1. e4 e6 2. d4 d5 3. e5 c5 4. c3 Nc6 5. Nf3 Bd7 6. a3 f6 7. exf6 Nxf6 8. b4 c4
9. Be3 Bd6 10. Be2 O-O 11. O-O Ng4 12. h3 Nxe3 13. fxe3 Ne7 14. e4 dxe4 15. Ne5
Rxf1+ 16. Bxf1 Nd5 17. Qe2 Bxe5 18. dxe5 Qb6+ 19. Kh2 Rf8 20. Nd2 Nxc3 21. Qxc4
Rc8 22. Qb3 Qd4 23. Bc4 Qxd2 24. Bxe6+ Kh8 25. Bxd7 Qxd7 26. Rf1 h6 27. Rf7 Qd5
28. Qxd5 Nxd5 0-1

[Event "European Blitz 2015"]
[Site "Minsk BLR"]
[Date "2015.12.18"]
[Round "2.10"]
[White "Pastukhov, Igor"]
[Black "Ponkratov, Pavel"]
[Result "1-0"]
[BlackTitle "GM"]
[WhiteElo "2230"]
[BlackElo "2604"]
[WhiteFideId "14104504"]
[BlackFideId "4157800"]
[EventDate "2015.12.18"]
[EventType "swiss (blitz)"]

1. e4 c5 2. Nf3 Nc6 3. d4 cxd4 4. Nxd4 e6 5. Nc3 a6 6. Nxc6 bxc6 7. Bd3 Qc7 8.
O-O Bb7 9. Na4 c5 10. c4 Nf6 11. Nc3 Be7 12. f4 d5 13. e5 Ne4 14. Nxe4 dxe4 15.
Bc2 Rd8 16. Qe2 Qc6 17. Re1 Rd4 18. Be3 Rd7 19. Rad1 Rxd1 20. Qxd1 O-O 21. Qe2
f5 22. exf6 Bxf6 23. b3 Rd8 24. g3 Bd4 25. Kf2 Bxe3+ 26. Qxe3 Rd4 27. Ke2 Qd6
28. Rd1 Kf7 29. Qc3 e5 30. fxe5 Qxe5 31. Qe3 h6 32. Rf1+ Ke7 33. Qf2 Qf6 34.
Qxf6+ gxf6 35. Rf5 Rd6 36. Rxc5 Kd7 37. Ke3 Re6 38. Rh5 Re7 39. Rxh6 f5 40. Rf6
Re5 41. h4 Ra5 42. a4 Rc5 43. h5 f4+ 44. Rxf4 Rxh5 45. Bxe4 Bxe4 46. Kxe4 Rh3
47. Rf3 Rh1 48. g4 Rg1 49. Kf5 Kc6 50. g5 1-0

[Event "European Blitz 2015"]
[Site "Minsk BLR"]
[Date "2015.12.18"]
[Round "2.11"]
[White "Guseinov, Gadir"]
[Black "Sotsky, Alexander"]
[Result "0-1"]
[WhiteTitle "GM"]
[BlackTitle "IM"]
[WhiteElo "2646"]
[BlackElo "2363"]
[WhiteFideId "13401378"]
[BlackFideId "4130715"]
[EventDate "2015.12.18"]
[EventType "swiss (blitz)"]

1. d4 Nf6 2. Nf3 c5 3. c3 e6 4. Bg5 h6 5. Bxf6 Qxf6 6. e4 cxd4 7. cxd4 Bb4+ 8.
Nc3 O-O 9. e5 Qf4 10. Bd3 Nc6 11. O-O Bxc3 12. bxc3 d6 13. Re1 dxe5 14. Nxe5
Nxe5 15. Rxe5 Rd8 16. Qe2 Bd7 17. Be4 Rac8 18. c4 Bc6 19. Bxc6 Qxd4 20. Rc1 Rxc6
21. g3 Qd2 22. Qf1 Qxa2 23. Re4 Rdc8 24. h4 b5 25. Ra1 Qb2 26. cxb5 Rc2 27. Rd1
Rc1 28. Rxc1 Rxc1 29. Re1 Rxe1 30. Qxe1 Qxb5 31. Qc3 a5 32. Qc8+ Kh7 33. Qc2+
Qf5 34. Qa2 h5 35. Qa4 Qd5 36. Kh2 g6 37. Kg1 e5 38. Qa3 Kg7 39. Qa4 Qc5 40. Qe4
Qd4 41. Qb7 a4 0-1

[Event "European Blitz 2015"]
[Site "Minsk BLR"]
[Date "2015.12.18"]
[Round "2.12"]
[White "Pletnev, Evgeniy"]
[Black "Zubov, Alexander"]
[Result "1-0"]
[BlackTitle "GM"]
[WhiteElo "2235"]
[BlackElo "2601"]
[WhiteFideId "24104140"]
[BlackFideId "14109409"]
[EventDate "2015.12.18"]
[EventType "swiss (blitz)"]

1. e4 c5 2. Nf3 g6 3. d4 cxd4 4. Nxd4 Bg7 5. Nc3 Nc6 6. Be3 Nf6 7. Bc4 Ng4 8.
Qxg4 Nxd4 9. Qd1 Nc6 10. Qd2 d6 11. O-O-O Qa5 12. Nd5 Qxd2+ 13. Bxd2 O-O 14. Bg5
Be6 15. Rhe1 Rab8 16. Bb3 Kh8 17. Nxe7 Nxe7 18. Bxe7 Rfc8 19. Bxd6 Ra8 20. Bxe6
fxe6 21. e5 b5 22. Kb1 a5 23. Rd3 Rc4 24. b3 Rc6 25. Re2 a4 26. b4 Rc4 27. a3
Rac8 28. Bc5 h6 29. c3 Rf4 30. g3 Rf5 31. f4 g5 32. Re4 gxf4 33. gxf4 Rc7 34.
Rg3 Rcf7 35. Be3 h5 36. Kc2 Bh6 37. Rf3 Rg7 38. c4 Rg2+ 39. Kd3 Ra2 40. Bc1
bxc4+ 41. Rxc4 Rxh2 42. b5 Bf8 43. b6 Rf7 44. Rc7 Rxc7 45. bxc7 Rg2 1-0

[Event "European Blitz 2015"]
[Site "Minsk BLR"]
[Date "2015.12.18"]
[Round "2.13"]
[White "Bocharov, Dmitry"]
[Black "Shaydullina, Sandugach"]
[Result "0-1"]
[WhiteTitle "GM"]
[BlackTitle "WGM"]
[WhiteElo "2558"]
[BlackElo "2134"]
[WhiteFideId "4138716"]
[BlackFideId "4140389"]
[EventDate "2015.12.18"]
[EventType "swiss (blitz)"]

1. e4 d6 2. d4 Nf6 3. Nc3 g6 4. f4 Bg7 5. Nf3 O-O 6. Bc4 Nxe4 7. Nxe4 d5 8. Ned2
dxc4 9. Nxc4 c5 10. c3 Qc7 11. Nfe5 cxd4 12. cxd4 f6 13. Qb3 Be6 14. Qd1 Qd8 0-1

[Event "European Blitz 2015"]
[Site "Minsk BLR"]
[Date "2015.12.18"]
[Round "2.14"]
[White "Kolesnik, Eduard"]
[Black "Movsesian, Sergei"]
[Result "1-0"]
[WhiteTitle "IM"]
[BlackTitle "GM"]
[WhiteElo "2269"]
[BlackElo "2659"]
[WhiteFideId "13501062"]
[BlackFideId "310204"]
[EventDate "2015.12.18"]
[EventType "swiss (blitz)"]

1. Nf3 Nf6 2. g3 d5 3. Bg2 c5 4. O-O Nc6 5. d4 e6 6. c4 cxd4 7. Nxd4 Be7 8. Nc3
O-O 9. cxd5 exd5 10. Be3 Ne5 11. Qb3 Nc4 12. Bf4 Re8 13. Rad1 Na5 14. Qc2 Bg4
15. h3 Bh5 16. Nf5 Rc8 17. Qb1 Bg6 18. Nxd5 Nxd5 19. Bxd5 Qb6 20. e4 Bf6 21. Nd6
Rcd8 22. Nxe8 Rxe8 23. Qd3 Nc6 24. Qb3 Qc7 1-0

[Event "European Blitz 2015"]
[Site "Minsk BLR"]
[Date "2015.12.18"]
[Round "2.15"]
[White "Short, Nigel D"]
[Black "Nikitenko, Mihail"]
[Result "0-1"]
[WhiteTitle "GM"]
[WhiteElo "2684"]
[BlackElo "2396"]
[WhiteFideId "400025"]
[BlackFideId "13506862"]
[EventDate "2015.12.18"]
[EventType "swiss (blitz)"]

1. d4 Nf6 2. c4 g6 3. Nc3 Bg7 4. e4 O-O 5. Nf3 d6 6. Be2 Na6 7. O-O e5 8. Bg5 h6
9. Be3 Ng4 10. Bc1 c6 11. h3 exd4 12. Nxd4 Nf6 13. Be3 Re8 14. f3 Nh5 15. Qd2
Ng3 16. Rf2 Qh4 17. Bf1 f5 18. Nde2 Nxe2+ 19. Bxe2 Be5 20. f4 Bg7 21. Qxd6 Be6
22. e5 Rad8 23. Qa3 Bf8 24. Qa5 Nc5 25. Rd1 Rxd1+ 26. Bxd1 Nd3 27. Rf1 Qg3 28.
Bf3 Nxf4 29. Bxf4 Qxf4 30. Bxc6 Qe3+ 0-1

[Event "European Blitz 2015"]
[Site "Minsk BLR"]
[Date "2015.12.18"]
[Round "2.16"]
[White "Olenina, Aysa"]
[Black "Riazantsev, Alexander"]
[Result "1-0"]
[BlackTitle "GM"]
[WhiteElo "2069"]
[BlackElo "2646"]
[WhiteFideId "24116157"]
[BlackFideId "4125029"]
[EventDate "2015.12.18"]
[EventType "swiss (blitz)"]

1. c4 Nf6 2. Nc3 g6 3. g3 Bg7 4. Bg2 O-O 5. Nf3 c6 6. d4 d5 7. cxd5 cxd5 8. Ne5
Nc6 9. Nxc6 bxc6 10. O-O Ba6 11. Bf4 Nd7 12. Rc1 Qb6 13. Na4 Qxd4 14. Qxd4 Bxd4
15. Rfe1 Rac8 16. Bh3 f5 17. Bd2 e5 18. e3 Bb6 19. Bg2 e4 20. f4 exf3 21. Bxf3
Ne5 22. Be2 Bxe2 23. Rxe2 Nd3 24. Rc3 Ne5 25. Kg2 Nc4 26. Bc1 Rfe8 27. b3 Nd6
28. Rec2 c5 29. Nxc5 Bxc5 30. Rxc5 Rxc5 31. Rxc5 Ne4 32. Rc7 Kf8 33. Rxh7 1-0

[Event "European Blitz 2015"]
[Site "Minsk BLR"]
[Date "2015.12.18"]
[Round "2.23"]
[White "Katashuk, V"]
[Black "Bortnyk, Mykola"]
[Result "0-1"]
[WhiteTitle "FM"]
[BlackTitle "IM"]
[WhiteElo "2200"]
[BlackElo "2416"]
[WhiteFideId "13505432"]
[BlackFideId "14120836"]
[EventDate "2015.12.18"]
[EventType "swiss (blitz)"]

1. d4 d5 2. c4 c6 3. e3 Nf6 4. Nf3 Bf5 5. Nc3 a6 6. c5 g6 7. Be2 Bg7 8. O-O O-O
9. h3 Bc8 10. Ne5 Nfd7 11. f4 f6 12. Nd3 e5 13. Nf2 exd4 14. exd4 f5 15. Na4 Re8
16. Re1 b5 17. cxb6 Nxb6 18. Nc5 Ra7 19. b3 Qd6 20. Qd2 N8d7 21. Ba3 Qf6 22.
Nxd7 Rxd7 23. Bc5 Na8 24. Nd3 Nc7 25. Ne5 Rdd8 26. Qa5 Ne6 27. Nxc6 Nxf4 28.
Nxd8 Nxe2+ 29. Kh2 f4 30. Qd2 f3 31. gxf3 Qxf3 32. Rf1 Qxh3# 0-1

[Event "European Blitz 2015"]
[Site "Minsk BLR"]
[Date "2015.12.18"]
[Round "2.24"]
[White "Kolmakov, Pavel"]
[Black "Demidov, Mikhail"]
[Result "1-0"]
[BlackTitle "IM"]
[WhiteElo "2223"]
[BlackElo "2485"]
[WhiteFideId "4142349"]
[BlackFideId "4197143"]
[EventDate "2015.12.18"]
[EventType "swiss (blitz)"]

1. e4 e6 2. d4 d5 3. Nc3 Bb4 4. a3 Bxc3+ 5. bxc3 dxe4 6. Qg4 Nf6 7. Qxg7 Rg8 8.
Qh6 Rg6 9. Qe3 c5 10. Ne2 Nc6 11. dxc5 Bd7 12. Ng3 Qa5 13. Bd2 Nd5 14. Qxe4 Qxc5
15. c4 Nf6 16. Qe3 Qe7 17. Bd3 Rg8 18. O-O Ng4 19. Qf4 e5 20. Qf3 O-O-O 21. Nf5
Qe6 22. Rfe1 h5 23. c5 Rg6 24. Nd6+ Kb8 25. Rab1 Bc8 26. Qxc6 1-0

[Event "European Blitz 2015"]
[Site "Minsk BLR"]
[Date "2015.12.18"]
[Round "2.25"]
[White "Belous, Vladimir"]
[Black "Kuznetsov, Mikhail4"]
[Result "0-1"]
[WhiteTitle "GM"]
[WhiteElo "2557"]
[BlackElo "2119"]
[WhiteFideId "4174003"]
[BlackFideId "380466"]
[EventDate "2015.12.18"]
[EventType "swiss (blitz)"]

1. e4 Nf6 2. e5 Nd5 3. d4 d6 4. Nf3 dxe5 5. Nxe5 c6 6. Be2 Bf5 7. c3 Nd7 8. O-O
Nxe5 9. dxe5 e6 10. Nd2 Nf4 11. Nf3 Nxe2+ 12. Qxe2 Bd3 13. Qe1 Bc5 14. Be3 Qb6
15. Bxc5 Qxc5 16. Qd2 Bxf1 17. Rxf1 Rd8 18. Qg5 O-O 19. Nd4 Rfe8 20. h4 Qe7 21.
Qg4 c5 22. Nb5 Rd5 23. Nd6 Rf8 24. f4 f6 25. Re1 fxe5 26. fxe5 Rd2 27. Re2 Rxe2
28. Qxe2 Qxh4 29. Nxb7 c4 30. Nc5 Qf4 31. Nxe6 Qc1+ 32. Kh2 Qh6+ 33. Kg1 Qxe6 0-1

[Event "European Blitz 2015"]
[Site "Minsk BLR"]
[Date "2015.12.18"]
[Round "2.27"]
[White "Chigaev, Maksim"]
[Black "Kuzmin, Egor"]
[Result "0-1"]
[WhiteTitle "IM"]
[BlackTitle "FM"]
[WhiteElo "2526"]
[BlackElo "2250"]
[WhiteFideId "4108116"]
[BlackFideId "24101737"]
[EventDate "2015.12.18"]
[EventType "swiss (blitz)"]

1. e4 e6 2. d4 d5 3. Nc3 Be7 4. Nf3 Nf6 5. Bd3 c5 6. dxc5 dxe4 7. Nxe4 Nxe4 8.
Bxe4 Qxd1+ 9. Kxd1 Bxc5 10. Ke2 Ke7 11. Rd1 Nd7 12. Bf4 f6 13. c3 e5 14. Bg3 a5
15. Nd2 g5 16. f3 Nf8 17. a4 Ne6 18. Nc4 h5 19. Bf2 Bxf2 20. Kxf2 Nc5 21. Bc2
Be6 22. Nd6 Rhd8 23. Nf5+ Bxf5 24. Bxf5 h4 25. g3 hxg3+ 26. hxg3 Rxd1 27. Rxd1
Rh8 28. Rd5 b6 29. b4 Nxa4 30. bxa5 bxa5 31. c4 Rh2+ 32. Kg1 Rb2 33. Rxa5 Nc3
34. Ra7+ Kd6 35. Be4 Nxe4 36. fxe4 Rb6 37. Kf2 Kc5 38. Ke3 Rb3+ 39. Ke2 g4 40.
Rf7 Rf3 41. Rf8 Kxc4 0-1

[Event "European Blitz 2015"]
[Site "Minsk BLR"]
[Date "2015.12.18"]
[Round "2.29"]
[White "Rakhmanov, Aleksandr"]
[Black "Poleshchuk, Dmitriy"]
[Result "0-1"]
[WhiteTitle "GM"]
[WhiteElo "2640"]
[BlackElo "2182"]
[WhiteFideId "4173708"]
[BlackFideId "13505238"]
[EventDate "2015.12.18"]
[EventType "swiss (blitz)"]

1. e4 c6 2. d4 d5 3. Nc3 dxe4 4. Nxe4 Nf6 5. Ng5 h6 6. N5f3 Bf5 7. Bd3 Bxd3 8.
Qxd3 e6 9. Ne2 Nbd7 10. Bd2 Bd6 11. O-O-O Qc7 12. c4 c5 13. Kb1 Rd8 14. h3 cxd4
15. Nexd4 a6 16. Rde1 Ne5 17. Nxe5 Bxe5 18. Bc3 O-O 19. g3 Bxd4 20. Bxd4 e5 21.
Bxe5 Qxe5 22. Qxd8 Qf5+ 0-1

[Event "European Blitz 2015"]
[Site "Minsk BLR"]
[Date "2015.12.18"]
[Round "2.30"]
[White "Malyshev, Roman"]
[Black "Inarkiev, Ernesto"]
[Result "1-0"]
[BlackTitle "GM"]
[WhiteElo "2131"]
[BlackElo "2668"]
[WhiteFideId "24105325"]
[BlackFideId "4162722"]
[EventDate "2015.12.18"]
[EventType "swiss (blitz)"]

1. e4 e5 2. Nf3 d6 3. d4 exd4 4. Qxd4 Nf6 5. Nc3 Be7 6. Bg5 O-O 7. O-O-O h6 8.
Bh4 Nc6 9. Qd2 Nxe4 10. Bxe7 Qxe7 11. Nxe4 Qxe4 12. Bd3 Qa4 13. Kb1 Nb4 14. Bc4
Be6 15. Bxe6 fxe6 16. a3 a5 17. Rhe1 Rf5 18. Qc1 Rc5 19. b3 Qb5 20. Nd4 Qb6 21.
axb4 axb4 22. Nxe6 Rca5 23. Qb2 Ra1+ 24. Qxa1 Rxa1+ 25. Kxa1 Qxf2 26. Kb1 Qb6
27. h4 Qc6 1-0

[Event "European Blitz 2015"]
[Site "Minsk BLR"]
[Date "2015.12.18"]
[Round "2.32"]
[White "Bodyakovsky, Nikita"]
[Black "Popov, Valerij"]
[Result "1-0"]
[BlackTitle "GM"]
[WhiteElo "2171"]
[BlackElo "2528"]
[WhiteFideId "13500260"]
[BlackFideId "4119410"]
[EventDate "2015.12.18"]
[EventType "swiss (blitz)"]

1. c4 c5 2. Nc3 Nc6 3. g3 g6 4. Bg2 Bg7 5. d3 d6 6. Qd2 e5 7. b3 Nge7 8. Bb2 Be6
9. Nd5 Rb8 10. e3 O-O 11. Ne2 a6 12. O-O b5 13. Rad1 Qd7 14. f4 f5 15. h4 Bxd5
16. cxd5 Nd8 17. Kh2 Nf7 18. e4 Nh6 19. Bh3 Qc7 20. Rc1 Qb6 21. Ng1 Qb7 22. Nf3
Nf7 23. fxe5 Nxe5 24. Nxe5 dxe5 25. Rxc5 Rbc8 26. Rxc8 Qxc8 27. Ba3 Qd7 28. Qb4
Rf7 29. Qd6 Qxd6 30. Bxd6 Nc8 31. Bc5 h6 32. exf5 gxf5 33. Bxf5 1-0

[Event "European Blitz 2015"]
[Site "Minsk BLR"]
[Date "2015.12.18"]
[Round "2.33"]
[White "Goganov, Aleksey"]
[Black "Oblamski, Vladimir"]
[Result "0-1"]
[WhiteTitle "GM"]
[WhiteElo "2597"]
[BlackElo "2125"]
[WhiteFideId "24109959"]
[BlackFideId "13503979"]
[EventDate "2015.12.18"]
[EventType "swiss (blitz)"]

1. Nf3 Nf6 2. b3 d6 3. d4 c5 4. e3 g6 5. Bb2 Bg7 6. dxc5 Qa5+ 7. Nbd2 Qxc5 8.
Be2 O-O 9. O-O Nc6 10. c4 e5 11. a3 a5 12. Qc2 Re8 13. Ne1 e4 14. Qc1 Qg5 15.
Kh1 Ne5 16. Nc2 Qh4 17. Nd4 Nfg4 18. h3 Nxf2+ 19. Kg1 Ned3 20. Bxd3 Nxd3 21. Qb1
Bxh3 22. Rf4 Qg3 0-1

[Event "European Blitz 2015"]
[Site "Minsk BLR"]
[Date "2015.12.18"]
[Round "2.35"]
[White "Landa, Konstantin"]
[Black "Filipets, Egor"]
[Result "0-1"]
[WhiteTitle "GM"]
[WhiteElo "2625"]
[BlackElo "2247"]
[WhiteFideId "4101685"]
[BlackFideId "13503928"]
[EventDate "2015.12.18"]
[EventType "swiss (blitz)"]

1. e4 e6 2. d3 c5 3. Nf3 Nc6 4. g3 d5 5. Nbd2 Nf6 6. Bg2 g6 7. O-O Bg7 8. Re1
O-O 9. c3 b6 10. Qc2 Ba6 11. Nf1 Rc8 12. e5 Nd7 13. Bf4 b5 14. h4 b4 15. N1h2
bxc3 16. bxc3 d4 17. c4 Qa5 18. Ng4 Nb4 19. Qd2 Qa3 20. Bh6 Qxd3 21. Qg5 Qf5 22.
Bxg7 Qxg5 23. hxg5 Kxg7 24. Nf6 Rc7 25. Rec1 Nd3 26. Nxd7 Rxd7 27. Rc2 Rb8 28.
Nd2 Nxe5 29. Ne4 Rc7 0-1